000 00374 a2200181 4500
260 _bLibrarie Plon
245 _aDe L'Algérie au Dahomey en automobile
300 _a130 p.:ill
650 _aSOCIOLOGIE
650 _aBENIN
650 _aALGERIE
260 _aParis
260 _c1945
130 _lfr
100 _aDE KEREILLIS,H.
999 _c23734
_d23734